000 00895nam a22002897a 4500
003 DO-SdBPM
005 20250731121650.0
007 ta
008 161031b1998 sp 00| 0 spa d
020 _a8480231440
040 _aDO-SdBPM
_bspa
_cBPMSU
_erda
082 4 _a983
_bD789g 1997
_222
100 1 _aDrouve, Andreas
_eautora
245 1 3 _aLa guía del trotamundos :
_bChile /
_cAndreas Drouve, Cristina Doria Drouve
260 _b
264 _aMadrid :
_b Ediciones Gaesa,
_c1998.
300 _a474 páginas :
_c21 cm.
336 _atexto
_btxt
_2rdacontent
337 _asin mediación
_bn
_2rdamedia
338 _avolumen
_bnc
_2rdacarrier
490 0 _aGuías Azules de España
590 _aInventariado, 2025/VM
651 7 _aChile
_vGuías
_xDescripciones y viajes
700 1 _aDoria Drouve, Cristina
910 _aVMateo V. Control de calidad. BPMSU
942 _2ddc
_cBK
999 _c13031
_d13031